000
00315nam a22001337a 4500
008
171031b xxu||||| |||| 00| 0 eng d
020
_a
9780256110319
041
_a
eng
080
_a
33
100
_a
58
101
_a
BUS
245
_a
NEW BUSINESS VENTURES AND THE ENTREPRENEUR
_c
STEVENSON, H.H
942
_2
udc
_c
BK
999
_c
36638
_d
36638